| 000 | 00611nam a22001937a 4500 | ||
|---|---|---|---|
| 003 | OSt | ||
| 005 | 20251124164652.0 | ||
| 008 | 251124b |||||||| |||| 00| 0 eng d | ||
| 020 | _a0-256-16072-4. | ||
| 040 |
_aDWCL-Main lib _cOC |
||
| 082 |
_23rd ed. _aCirc. 330.91732 Os81u 1996 |
||
| 100 | _a0'Sullivan, Arthur | ||
| 245 |
_aUrban Economics _cO' Sullivan, Arthur |
||
| 260 |
_aBoston : _bIrwin/Mcgraw-Hill _cc1996. |
||
| 300 |
_axxv, 739 pages : _billustration ; _c24 cm. |
||
| 504 | _aIncludes bibliographical references and index | ||
| 650 | _21. Urban economics. | ||
| 942 |
_2ddc _cBK-CIRC _e3rd ed. _kCirc. _n0 |
||
| 999 |
_c6151 _d6151 |
||